00256nam a2200109Ia 4500008004100000100001700041245003100058260001900089260000900108546001200117999001700129170619s9999 xx 000 0 und d aBhandari V B 0aDesign of Machine Elements bNew Delhi: TMH c2003 aENGLISH c17150d17150